000 02110nam a2200409 a 4500
001 ebr10440453
003 CaPaEBR
006 m u
007 cr cn|||||||||
008 110121s2010 dcuab s 101 0 eng d
010 _z 2010936425
020 _z9781607506362
020 _z9781607506379 (e-book)
040 _aCaPaEBR
_cCaPaEBR
035 _a(OCoLC)702495943
043 _aee-----
_amb-----
050 1 4 _aUA646.8
_b.N38 2006eb
111 2 _aNATO Advanced Research Workshop on Security Challenges in the Black Sea region
_d(2006 :
_cOxford, England)
245 1 0 _aBlack Sea security
_h[electronic resource] :
_binternational cooperation and counter-trafficking in the Black Sea region /
_cedited by Fiona Houston, W. Duncan Wood, and Derek M. Robinson.
260 _aWashington, D.C. :
_bIOS Press,
_c2010.
300 _axv, 137 p. :
_bill., maps.
490 1 _aNATO science for peace and security. Sub-series E, Human and societal dynamics,
_x1874-6276 ;
_vv. 74
500 _a"Published in cooperation with NATO Public Diplomacy Division."
500 _aIncludes indexes.
505 0 _asection 1. The Black Sea in context -- section 2. Security challengines in the Black Sea region -- section 3. Strategic cooperation in the Black Sea region -- section 4. Technical security cooperation in the Black Sea region -- section 5. The South Ossetian conflict in perspective.
533 _aElectronic reproduction.
_bPalo Alto, Calif. :
_cebrary,
_d2011.
_nAvailable via World Wide Web.
_nAccess may be limited to ebrary affiliated libraries.
650 0 _aNational security
_zEurope, Eastern.
651 0 _aEurope, Eastern
_xDefenses.
651 0 _aBlack Sea Coast
_xStrategic aspects.
655 7 _aElectronic books.
_2local
700 1 _aHouston, Fiona.
700 1 _aWood, W. Duncan.
700 1 _aRobinson, Derek M.
710 2 _aebrary, Inc.
830 0 _aNATO science for peace and security.
_nE,
_pHuman and societal dynamics ;
_vv. 74.
856 4 0 _uhttp://site.ebrary.com/lib/rucke/Doc?id=10440453
_zAn electronic book accessible through the World Wide Web; click to view
999 _c245487
_d245487